000 00721nam a2200205Ii 4500
003 JO-AjNU
008 230605s9999||||xx |||||||||||||| ||und||
017 _a2006/5/1036
040 _aJO-AjNU
_bara
_erda
_cJO-AjNU
041 _aara
050 1 4 _aBP134.C6.AZ2 2006
100 3 _aأأبو مسلم، عبد المجيد العرابلي,
_eauthor
_920709
245 0 0 _aحقيقة السموات كما صورها القرآن الكريم نور وهدى من الرحمن
264 3 1 _aعمان: د.ن، 2006
300 _a214ص
336 _atext
_btxt
_2rdacontent
337 _aunmediated
_bn
_2rdamedia
338 _avolume
_bnc
_2rdacarrier
650 4 _aالاسلام - الثقافة الاسلامية
_920710
999 _aA7070
_c10638
_d10638